Multi-asset investing a practical guide to modern portfolio management /

Bibliographic Details
Main Author: Lustig, Yoram.
Corporate Author: ProQuest (Firm)
Format: Electronic eBook
Language:English
Published: Hampshire : Harriman House Ltd., 2013.
Subjects:
Online Access:Click to View
LEADER 01211nam a2200337Ia 4500
001 EBC3299596
003 MiAaPQ
005 20200520144314.0
006 m o d |
007 cr cn|||||||||
008 130904s2013 enk bsb 001 0 eng d
020 |z 9780857192516 
020 |z 9780857192806 
035 |a (MiAaPQ)EBC3299596 
035 |a (Au-PeEL)EBL3299596 
035 |a (CaPaEBR)ebr10750988 
035 |a (OCoLC)902988891 
040 |a MiAaPQ  |c MiAaPQ  |d MiAaPQ 
050 4 |a HG4529.5  |b .L87 2013 
082 0 4 |a 332.6  |2 23 
100 1 |a Lustig, Yoram. 
245 1 0 |a Multi-asset investing  |h [electronic resource] :  |b a practical guide to modern portfolio management /  |c Yoram Lustig. 
260 |a Hampshire :  |b Harriman House Ltd.,  |c 2013. 
300 |a xix, 514 p. 
504 |a Includes bibliographical references and index. 
533 |a Electronic reproduction. Ann Arbor, MI : ProQuest, 2015. Available via World Wide Web. Access may be limited to ProQuest affiliated libraries. 
650 0 |a Portfolio management. 
650 0 |a Risk. 
655 4 |a Electronic books. 
710 2 |a ProQuest (Firm) 
856 4 0 |u https://ebookcentral.proquest.com/lib/matrademy/detail.action?docID=3299596  |z Click to View